Теоретические основы электротехники: учебное пособие для вузов

Xehetasun bibliografikoak
Egile nagusia: Евсеев М. Е. Михаил Евгеньевич
Gaia:Учебное пособие разработано на основании государственных образовательных стандартов высшего профессионального образования и предназначено для студентов заочной и очно-заочной форм обучения, изучающих теорию линейных электрических цепей. Оно состоит из двух частей: часть 1 «Анализ линейных электрических цепей при установившихся режимах работы»; часть 2 «Тестовые задачи по линейным цепям при установившихся процессах».
Hizkuntza:errusiera
Argitaratua: СПб., Политехника, 2008
Saila:Учебное пособие для вузов
Gaiak:
Formatua: MixedMaterials Liburua
KOHA link:https://koha.lib.tpu.ru/cgi-bin/koha/opac-detail.pl?biblionumber=155251

MARC

LEADER 00000nam0a2200000 4500
001 155251
005 20231101221826.0
010 |a 9785732502732 
035 |a (RuTPU)RU\TPU\book\168421 
090 |a 155251 
100 |a 20090312d2008 m y0rusy50 ca 
101 0 |a rus 
102 |a RU 
105 |a a j 001zy 
200 1 |a Теоретические основы электротехники  |e учебное пособие для вузов  |f М. Е. Евсеев 
210 |a СПб.  |c Политехника  |d 2008 
215 |a 380 с.  |c ил. 
225 1 |a Учебное пособие для вузов 
320 |a Библиогр.: с. 375. 
330 |a Учебное пособие разработано на основании государственных образовательных стандартов высшего профессионального образования и предназначено для студентов заочной и очно-заочной форм обучения, изучающих теорию линейных электрических цепей. Оно состоит из двух частей: часть 1 «Анализ линейных электрических цепей при установившихся режимах работы»; часть 2 «Тестовые задачи по линейным цепям при установившихся процессах». 
606 1 |a Электротехника теоретическая  |2 stltpush  |3 (RuTPU)RU\TPU\subj\20909  |9 45970 
610 1 |a ТОЭ 
610 1 |a теоретические основы электротехники 
610 1 |a электрические цепи 
610 1 |a элементы 
610 1 |a параметры 
610 1 |a электрические цепи постоянного тока 
610 1 |a электрические цепи синусоидального тока 
610 1 |a расчет 
610 1 |a векторные диаграммы 
610 1 |a символический метод 
610 1 |a разветвленные электрические цепи 
610 1 |a эквивалентные преобразования 
610 1 |a сложные цепи 
610 1 |a индуктивность 
610 1 |a трехфазные электрические цепи 
610 1 |a четырехполюсники 
610 1 |a цепи с распределенными параметрами 
610 1 |a линейные цепи 
610 1 |a тестовые задачи 
610 1 |a теория 
610 1 |a учебные пособия 
675 |a 621.3.01(075.8)  |v 3 
700 1 |a Евсеев  |b М. Е.  |g Михаил Евгеньевич 
801 1 |a RU  |b 63413507  |c 20090312  |g PSBO 
801 2 |a RU  |b 63413507  |c 20150610  |g PSBO 
900 |a Теоретические основы электротехники 
942 |c BK 
951 |b 220100  |b 140400 
959 |a 18/20090203  |d 5  |e 275,00  |f АНЛ:1  |f ЧЗТЛ:1  |f УФ:3